[Event "Leverkusen Bayer op 9th"]
[Site "Leverkusen"]
[Date "2011.02.07"]
[Round "3"]
[White "Dabringhaus, Christian"]
[Black "Birnkott, Manfred"]
[Result "0-1"]
[WhiteElo "1665"]
[BlackElo "1792"]
[PlyCount "148"]
[EventDate "2011.01.10"]
[EventType "swiss"]
[EventRounds "7"]
[EventCountry "GER"]
[SourceTitle "EXT 2012"]
[Source "ChessBase"]
[SourceDate "2011.11.24"]
[SourceVersion "1"]
[SourceVersionDate "2011.11.24"]
[SourceQuality "1"]

1. e4 c5 2. Nc3 Nc6 3. g3 g6 4. Bg2 Bg7 5. d3 d6 6. Nce2 Nf6 7. c3 0-0 8. f4 Bd7 9. h3 Rb8 10. Nf3 b5 11. 0-0 Qc7 12. Rb1 Be6 13. b3 c4 14. d4 d5 15. e5 Ne4 16. b4 a5 17. a3 axb4 18. axb4 Ra8 19. Nd2 Ra2 20. Nxe4 dxe4 21. Bxe4 Bxh3 22. Rf2 e6 23. Bf3 Ne7 24. g4 f5 25. g5 Nd5 26. Bb2 Ne3 27. Qe1 Ng4 28. Bxg4 Bxg4 29. Qf1 Rfa8 30. Qg2 Qd7 31. Ng3 Bf8 32. Nf1 Rd8 33. Ne3 Bh5 34. Rd2 Qc8 35. d5 Qa8 36. d6 Bf3 37. Qf2 Be4 38. Rbd1 Bf3 39. Rc1 Be4 40. Kh2 Qc6 41. Ra1 Rxa1 42. Bxa1 Ra8 43. Bb2 Kf7 44. Nc2 Bxc2 45. Rxc2 h6 46. Qg2 Qxg2+ 47. Kxg2 hxg5 48. fxg5 Bg7 49. Re2 Ke8 50. Bc1 Kd7 51. Bf4 Kc6 52. Rd2 Kd7 53. Rc2 Ra1 54. Bh2 Re1 55. Kf2 Rxe5 56. Bxe5 Bxe5 57. Kf3 Kxd6 58. Rd2+ Ke7 59. Rc2 Bd6 60. Ke3 e5 61. Rh2 e4 62. Rh7+ Ke6 63. Rb7 Be5 64. Rxb5 Bxc3 65. Rb6+ Ke5 66. Rxg6 f4+ 67. Ke2 Bxb4 68. Rg8 f3+ 69. Kf1 e3 70. Re8+ Kf4 71. g6 e2+ 72. Kf2 Bc5+ 73. Ke1 Kg3 74. g7 Bb4# 0-1